Представление документа в формате RUSMARC

ПолеНазваниеЗначение
  Тип записи a
  Библиографический уровень m
001 Контрольный номер 2e9417acd13948699933ca6638842141
005 Дата корректировки 20150924104352.5
010 Индекс ISBN __
a ISBN 5-85971-184-0
d Цена 130.00
101 Язык документа 0_
a Язык текста rus
102 Страна публикации __
a Страна публикации RU
200 Заглавие и сведения об ответственности 1_
a Заглавие Практикум по финансово-инвестиционному анализу: ситуации, методики,решения
b Общее обозначение материала Текст
e Сведения, относящиеся к заглавию учебное пос.
f Первые сведения об ответственности Под ред. Д. А. Ендовицкого
210 Выходные данные 1_
a Место издания М.
c Издательство Кнорус
d Дата издания 2006
215 Физическое описание __
a Объем 432 с.
610 Ключевые слова 0_
a Ключевые слова Финансы, инвестиции
686 Индексы других классификаций __
a Классификационный индекс 65.9(2)26
801 Источник записи _0
a Страна RU
b Организация РУК
c Дата составления 24.09.2015
g Правила каталогизации PSBO
801 Источник записи _1
a Страна RU
b Организация РУК
c Дата составления 24.09.2015
852 Данные о местонахождении __
i Авторский знак П 69
j Шифр хранения ББК 65.9(2)26
901 Тип документа __
t Тип документа m
937 Технологическая информация __
a Создатель записи (имя) Морозова
938 Служебная информация __
a Название организации Арзамасский филиал
952 Тип литературы __
c Вид литературы учебное пособие